Closest Non-Bordering Countries - Statistics

General Stats
  • This quiz has been taken 60 times
  • The average score is 19 of 32
Answer Stats
Distance (mi) Answer Distance (km) % Correct
0.65 United Kingdom 1
89%
2 Russia 4
86%
4 France 6
84%
0.65 United States 1
84%
5 Italy 8
81%
8 Croatia 12
76%
2 Denmark 4
76%
5 Monaco 8
76%
2 Sweden 4
76%
7 Netherlands 12
73%
0.3 Bahrain 0.48
70%
3 Indonesia 6
70%
0.33 Singapore 0.53
70%
2 China 3
65%
0.33 Malaysia 0.53
65%
0.3 Qatar 0.48
65%
2 Australia 4
62%
2 Papua New Guinea 4
62%
4 Canada 6
57%
4 Saudi Arabia 6
57%
2 Solomon Islands 4
57%
4 Egypt 6
51%
5 Jordan 8
46%
2 Taiwan 3
46%
6 Venezuela 10
46%
6 Trinidad and Tobago 10
43%
0.1 Namibia 0.16
41%
0.1 Zimbabwe 0.16
41%
0.45 Grenada 0.72
38%
0.45 Saint Vincent and the Grenadines 0.72
38%
6 El Salvador 9
30%
6 Nicaragua 9
24%
No matching quizzes found
Score Distribution
Percent of People with Each Score
Percentile by Number Answered
Your Score History
You have not taken this quiz